000 01149namaa22002891i 4500
003 EG-GICUC
005 20260422132837.0
008 260422s1989 iq ||||jr|||| 000 p ara d
040 _aEG-GiCUC
_bara
_cEG-GiCUC
_dEG-GiCUC
_erda
082 0 4 _221
_a811.1
_bR257
092 0 4 _221
_a811.1
_bR257
099 _a811.1 R257
100 1 _a الراوى، مصعب حسون
_eمؤلف.
245 1 2 _aالشعر العربى قبل الاسلام بين الانتماء القبلى والحس القومى /
_cد. مصعب حسون الراوى
250 _aالطبعة الاولى
264 _aبغداد (العراق) :
_bدار الشئون الثقافية العامة،
_c1989.
300 _a171 صفحة
_b؛
_c24 سم
336 _2rdacontent
_atext
337 _2rdamedia
_aUnmediated
338 _2rdacarrier
_avolume
504 _aيشتمل على ارجاعات ببليوجرافية
541 _aد. جابر عصفور ؛
_bالقاهرة ؛
_cإهداء ؛
_d2024.
650 1 7 _aالشعر العربى
_xتاريخ ونقد
_yالعصر الجاهلى
_2qrmak
651 1 _2qrmak
905 _aNermeen
942 _2ddc
_cBK
_e21
_n0
999 _c179674
_d179674